|
|
|
|
| LEADER |
00000nam0a2200000 4500 |
| 001 |
326782 |
| 005 |
20231102003908.0 |
| 035 |
|
|
|a (RuTPU)RU\TPU\book\352442
|
| 090 |
|
|
|a 326782
|
| 100 |
|
|
|a 20170116d1979 k y0rusy50 ca
|
| 101 |
0 |
|
|a rus
|
| 102 |
|
|
|a RU
|
| 105 |
|
|
|a a z 001zy
|
| 200 |
1 |
|
|a Сопротивление материалов в агрессивных средах
|e [сборник статей]
|f Краснодарский политехнический институт
|
| 210 |
|
|
|a Краснодар
|c Изд-во КПИ
|d 1979
|
| 215 |
|
|
|a 187 с.
|c ил.
|
| 225 |
1 |
|
|a Труды Краснодарского политехнического института
|v Вып. 94 (4)
|
| 320 |
|
|
|a Библиография в конце статей
|
| 606 |
1 |
|
|a Сопротивление материалов
|2 stltpush
|3 (RuTPU)RU\TPU\subj\55554
|9 73567
|
| 610 |
1 |
|
|a агрессивные среды
|
| 610 |
1 |
|
|a материалы
|
| 610 |
1 |
|
|a прочность
|
| 610 |
1 |
|
|a пластичность
|
| 610 |
1 |
|
|a разрушение
|
| 610 |
1 |
|
|a защитные покрытия
|
| 610 |
1 |
|
|a получение
|
| 610 |
1 |
|
|a формирование
|
| 610 |
1 |
|
|a конструкции
|
| 610 |
1 |
|
|a детали
|
| 610 |
1 |
|
|a расчет на прочность
|
| 610 |
1 |
|
|a долговечность
|
| 610 |
1 |
|
|a коррозия
|
| 610 |
1 |
|
|a противокоррозионная защита
|
| 610 |
1 |
|
|a деформация
|
| 610 |
1 |
|
|a сопротивление
|
| 675 |
|
|
|a 539.3/.6
|v 4
|
| 712 |
0 |
2 |
|a Краснодарский политехнический институт
|c (1963-1993)
|2 stltpush
|3 (RuTPU)RU\TPU\col\5805
|9 24128
|
| 801 |
|
1 |
|a RU
|b 63413507
|c 20170116
|
| 801 |
|
2 |
|a RU
|b 63413507
|c 20170118
|g RCR
|
| 942 |
|
|
|c BK
|